000 00600nam a2200229Ia 4500
008 181129s9999 xx 000 0 und d
020 _a9781741857108
050 _a641.8
050 _bF497 2009
245 0 _aEssential cooking series :
245 0 _bcomprehensive, step-by-step cooking /
260 _aManila, Philippines :
260 _bWS Pacific Publications, Inc,
260 _c2009
300 _a46 pages :
300 _bcolor illustrations ;
300 _c24cm.
440 _aEssential cooking series.
650 _aAppetizers.
650 _aSnack foods.
700 _aSeries.
999 _c360160
_d360160